| Tag |
First Indicator |
Second Indicator |
Subfields |
| LEADER |
00000cam a2200000 4500 |
| 001 |
in00000996721 |
| 005 |
20150927153231.0 |
| 008 |
761213s1940 txu 00010 eng d |
| 035 |
|
|
|a (OCoLC)02617507
|
| 035 |
|
|
|9 AEX9433AM
|
| 040 |
|
|
|a IKM
|c IKM
|d TXA
|d UtOrBLW
|
| 049 |
|
|
|a TXAS [dyks]
|c 1,2
|
| 090 |
|
|
|a F786
|b .W86 1940
|
| 092 |
|
|
|a 917.64
|b W889
|
| 100 |
1 |
|
|a Wooten, Mattie Lloyd.
|
| 245 |
1 |
0 |
|a Women tell the story of the Southwest /
|c compiled and edited by Mattie Lloyd Wooten.
|
| 264 |
|
1 |
|a San Antonio, Texas :
|b The Naylor company,
|c 1940.
|
| 300 |
|
|
|a 394 pages :
|b illustrations ;
|c 21 cm.
|
| 336 |
|
|
|a text
|b txt
|2 rdacontent
|
| 337 |
|
|
|a unmediated
|b n
|2 rdamedia
|
| 338 |
|
|
|a volume
|b nc
|2 rdacarrier
|
| 650 |
|
0 |
|a Frontier and pioneer life
|z Southwest, New.
|
| 651 |
|
0 |
|a Southwest, New
|x History.
|
| 651 |
|
0 |
|a Southwest, New
|v Biography.
|
| 999 |
|
|
|a MARS
|
| 999 |
f |
f |
|s 12b951ed-5566-3823-876b-875673998e85
|i 1c2da1b9-e377-3a07-9f9a-1a1348fbf794
|t 0
|
| 952 |
f |
f |
|p noncirc
|a Texas A&M University
|b College Station
|c Cushing Memorial Library & Archives
|d Cushing: Dykes (Does not check out)
|t 0
|e F786 .W86 1940
|h Library of Congress classification
|i unmediated -- volume
|m A14851731639
|
| 952 |
f |
f |
|p noncirc
|a Texas A&M University
|b College Station
|c Cushing Memorial Library & Archives
|d Cushing: Dykes (Does not check out)
|t 0
|e F786 .W86 1940
|h Library of Congress classification
|i unmediated -- volume
|m A14851731647
|
| 998 |
f |
f |
|a F786 .W86 1940
|t 0
|l Cushing: Dykes (Does not check out)
|
| 998 |
f |
f |
|a F786 .W86 1940
|t 0
|l Cushing: Dykes (Does not check out)
|